MARC

LEADER 00000nas a2200000 a 4500
001 ssj0000393691
003 WaSeSS
005 20200512172242.0
006 m d
007 cr n
008 980507c19919999sp ar s 0 0spa c
010 |a  00234865  
022 |l 1131-8155  |y 1131-8155 
035 |a (WaSeSS)ssj0000393691 
040 |a CUY  |b eng  |c CUY  |d HLS  |d OCLCQ  |d OCLCF  |d OCLCO  |d HLS  |d COO  |d DLC  |d OCL  |d CUS  |d OCLCQ  |d WaSeSS 
042 |a pcc 
043 |a e-sp--- 
050 0 0 |a DP99  |b .M35 
222 0 |a Medievalismo  |b (Madrid) 
245 0 0 |a Medievalismo  |h [electronic resource] :  |b boletín de la Sociedad Española de Estudios Medievales. 
246 3 0 |a Boletín de la Sociedad Española de Estudios Medievales 
246 1 |i Issues for 2014- have subtitle:  |a Revista de la Sociedad Española de Estudios Medievales 
260 |a Madrid :  |b Sociedad Española de Estudios Medievales,  |c 1991- 
310 |a Annual 
362 0 |a Año 1 (1991)- 
506 |a License restrictions may limit access. 
515 |a Issues called also núm. 1-<6>; año caption dropped with issues for <2013-> 
588 |a Latest issue consulted: No. 24 (2014). 
648 7 |a 711-1516  |2 fast 
650 7 |a Civilization.  |2 fast  |0 (OCoLC)fst00862898 
651 0 |a Spain  |x Civilization  |y 711-1516  |v Periodicals. 
651 0 |a Spain  |x History  |y 711-1516  |v Periodicals. 
651 7 |a Spain.  |2 fast  |0 (OCoLC)fst01204303 
655 0 |a Electronic journals. 
710 2 |a Sociedad Española de Estudios Medievales. 
850 |a DLC  |a MH 
856 4 0 |z Full text available from Research Library: 01/01/2014 to present  |u https://search.proquest.com/publication/2035769 
856 4 0 |z Full text available from PRISMA Database with HAPI Index: 01/01/2014 to 01/31/2014  |u https://search.proquest.com/publication/2040130